Olivia Rodrigo Songs-Sudden Death - Statistics

General Stats
  • This quiz has been taken 252 times
  • The average score is 12 of 15
Answers on the Grid
Answers color-coded by a green-red scale on the quiz's grid according to % correct below.
Vampire
Disaster
The Story
Obsessed
Deja Vu
Driver's License
Heather
Brutal
All I Want
August
Can't Catch Me Now
Yours
So American
Traitor
Movies
Making The Bed
Wondering
Memories
Tough Love
Alley Rose
Traitor
Stranger
Teenage Dream
Bitter
Happier
Us
Dream
 
Answer Stats
Answer % Correct
Vampire
99%
Deja Vu
97%
Driver's License
95%
Brutal
93%
Traitor
91%
Traitor
90%
Happier
88%
Obsessed
86%
Can't Catch Me Now
84%
So American
84%
All I Want
83%
Making The Bed
79%
Teenage Dream
79%
Stranger
68%
Wondering
30%
No matching quizzes found
Score Distribution
Percent of People with Each Score
Percentile by Number Answered
Your Score History
You have not taken this quiz